Fundamentals of thermal-fluid sciences / (Record no. 17336)

MARC details
000 -LEADER
fixed length control field 01276pam a22003611a 4500
001 - CONTROL NUMBER
control field 015951199
003 - CONTROL NUMBER IDENTIFIER
control field Uk
005 - DATE AND TIME OF LATEST TRANSACTION
control field 20150319132823.0
008 - FIXED-LENGTH DATA ELEMENTS--GENERAL INFORMATION
fixed length control field 111017s2012 nyua b 001 0 eng|d
015 ## - NATIONAL BIBLIOGRAPHY NUMBER
National bibliography number GBB1C0833
Source bnb
020 ## - INTERNATIONAL STANDARD BOOK NUMBER
International Standard Book Number 0071325115
020 ## - INTERNATIONAL STANDARD BOOK NUMBER
International Standard Book Number 9780071325110
020 ## - INTERNATIONAL STANDARD BOOK NUMBER
International Standard Book Number 9780077422400 (hbk.)
020 ## - INTERNATIONAL STANDARD BOOK NUMBER
International Standard Book Number 0077422406 (hbk.)
082 00 - DEWEY DECIMAL CLASSIFICATION NUMBER
Classification number 621.402
Item number CEN
Edition number 22
100 1# - MAIN ENTRY--PERSONAL NAME
Personal name Cengel, Yunus A.
9 (RLIN) 32750
245 10 - TITLE STATEMENT
Title Fundamentals of thermal-fluid sciences /
Statement of responsibility, etc Yunus A. Cengel, John M. Cimbala, Robert H. Turner.
250 ## - EDITION STATEMENT
Edition statement 4th ed., IN SI UNITS /
Remainder of edition statement Mehmet Kanoglu.
260 ## - PUBLICATION, DISTRIBUTION, ETC. (IMPRINT)
Place of publication, distribution, etc New York :
Name of publisher, distributor, etc McGraw-Hill Higher Education ;
Date of publication, distribution, etc c.2012.
300 ## - PHYSICAL DESCRIPTION
Extent xx, 1083 p. :
Other physical details ill. ;
Dimensions 26 cm. +
Accompanying material 1 DVD.
504 ## - BIBLIOGRAPHY, ETC. NOTE
Bibliography, etc Includes bibliographical references and index.
650 #0 - SUBJECT ADDED ENTRY--TOPICAL TERM
Topical term or geographic name as entry element Thermodynamics.
9 (RLIN) 32751
650 #0 - SUBJECT ADDED ENTRY--TOPICAL TERM
Topical term or geographic name as entry element Thermodynamics
Form subdivision Problems, exercises, etc.
9 (RLIN) 32752
650 #0 - SUBJECT ADDED ENTRY--TOPICAL TERM
Topical term or geographic name as entry element Heat
General subdivision Transmission.
9 (RLIN) 32753
650 #0 - SUBJECT ADDED ENTRY--TOPICAL TERM
Topical term or geographic name as entry element Heat
General subdivision Transmission
Form subdivision Problems, exercises, etc.
9 (RLIN) 32754
650 #0 - SUBJECT ADDED ENTRY--TOPICAL TERM
Topical term or geographic name as entry element Fluid mechanics.
9 (RLIN) 32755
650 #0 - SUBJECT ADDED ENTRY--TOPICAL TERM
Topical term or geographic name as entry element Fluid mechanics
Form subdivision Problems, exercises, etc.
9 (RLIN) 32756
653 ## - INDEX TERM--UNCONTROLLED
Resource For college Engineering, Petroleum
Arrived date list February2013
-- March2015
655 ## - INDEX TERM--GENRE/FORM
Form subdivision
-- 33728
700 1# - ADDED ENTRY--PERSONAL NAME
Personal name Turner, Robert H.
9 (RLIN) 32757
700 1# - ADDED ENTRY--PERSONAL NAME
Personal name Cimbala, John M.
9 (RLIN) 32758
942 ## - ADDED ENTRY ELEMENTS (KOHA)
Source of classification or shelving scheme Dewey Decimal Classification
Call number prefix 621.402 CEN
Holdings
Withdrawn status Item status Source of classification or shelving scheme Damaged status Not for loan Vendor Home library Current library Shelving location Date acquired Source of acquisition Total Checkouts Full call number Barcode Date last seen Date last borrowed Koha item type Total Renewals Materials specified (bound volume or other part) Cost, normal purchase price Cost, replacement price Checked out
    Dewey Decimal Classification     Baccah Central Library Central Library First floor 28/02/2013   1 621.402 CEN 000028409 15/07/2025 11/02/2023 NB - Book (Non borrowing)          
    Dewey Decimal Classification     Baccah Central Library Central Library First floor 28/02/2013     621.402 CEN 000028410 24/08/2022   CD | DVD - With book (NB)          
    Dewey Decimal Classification     Baccah Central Library Central Library First floor 28/02/2013   10 621.402 CEN 000028414 15/07/2025 17/02/2018 Book - Borrowing 53        
    Dewey Decimal Classification     Baccah Central Library Central Library First floor 28/02/2013   9 621.402 CEN 000028415 15/07/2025 21/02/2017 Book - Borrowing 69        
    Dewey Decimal Classification     Baccah Central Library Central Library First floor 28/02/2013   13 621.402 CEN 000028416 15/07/2025 02/11/2022 Book - Borrowing 171        
    Dewey Decimal Classification     Baccah Central Library Central Library First floor 28/02/2013   3 621.402 CEN 000028417 24/08/2022 19/10/2019 CD | DVD - With book 18        
    Dewey Decimal Classification     Baccah Central Library Central Library First floor 28/02/2013   3 621.402 CEN 000028418 14/10/2024 07/10/2024 CD | DVD - With book 18        
  Lost Dewey Decimal Classification     Baccah Central Library Central Library First floor 28/02/2013     621.402 CEN 000028419 21/12/2014   CD | DVD - With book   Lost In Inventory_2015-8-23      
    Dewey Decimal Classification     Baccah Central Library Central Library First floor 19/03/2015   6 621.402 CEN 000037547 15/07/2025 17/10/2019 Book - Borrowing 76   270.00 337.50  
    Dewey Decimal Classification     Baccah Central Library Central Library First floor 19/03/2015     621.402 CEN 000037546 24/08/2022   CD | DVD - With book          
    Dewey Decimal Classification     Baccah Central Library Central Library First floor 19/03/2015   4 621.402 CEN 000037545 15/07/2025 22/09/2018 Book - Borrowing 58   270.00 337.50  
    Dewey Decimal Classification     Baccah Central Library Central Library First floor 19/03/2015     621.402 CEN 000037544 24/08/2022   CD | DVD - With book   Lost In Inventory_2015-8-23      
    Dewey Decimal Classification     Baccah Central Library Central Library First floor 19/03/2015   14 621.402 CEN 000037543 06/05/2026 06/05/2026 Book - Borrowing 40   270.00 337.50 13/05/2026
    Dewey Decimal Classification     Baccah Central Library Central Library First floor 19/03/2015     621.402 CEN 000037542 24/08/2022   CD | DVD - With book   Lost In Inventory_2015-8-23      
    Dewey Decimal Classification     Baccah Central Library Central Library First floor 19/03/2015   11 621.402 CEN 000037541 15/07/2025 30/05/2024 Book - Borrowing 80   270.00 337.50  
    Dewey Decimal Classification     Baccah Central Library Central Library First floor 19/03/2015     621.402 CEN 000037540 24/08/2022   CD | DVD - With book   Lost In Inventory_2015-8-23      
    Dewey Decimal Classification     Baccah Central Library Central Library First floor 19/03/2015   7 621.402 CEN 000037539 15/07/2025 19/10/2019 Book - Borrowing 35   270.00 337.50  
    Dewey Decimal Classification     Baccah Central Library Central Library First floor 19/03/2015     621.402 CEN 000037538 24/08/2022   CD | DVD - With book   Lost In Inventory_2015-8-23      
    Dewey Decimal Classification     Baccah Central Library Central Library First floor 19/03/2015   7 621.402 CEN 000037537 15/07/2025 11/02/2023 Book - Borrowing 93   270.00 337.50  
    Dewey Decimal Classification     Baccah Central Library Central Library First floor 19/03/2015     621.402 CEN 000037536 24/08/2022   CD | DVD - With book   Lost In Inventory_2015-8-23      
    Dewey Decimal Classification     Baccah Central Library Central Library First floor 27/01/2020 Purchase 2 621.402 CEN 000048499 25/10/2023 22/10/2023 CD | DVD - With book 38